00000000nam 2200000zi 4500
0019.945317
003CaOODSP
00520241121094721
006m     o  d f      
007cr mn|||||||||
008241119s1971    onc     o    f000 0 eng d
040 |aCaOODSP|beng|erda|cCaOODSP
043 |an-cn---
0861 |aCo41-1/8BIE-PDF|zCo41-1/8B
24500|aStudy of interconnection of private telecommunications systems with the systems of the telecommunication common carriers.
264 1|aOttawa : |bDepartment of Communications, |c1971.
300 |a1 online resource (1 volume (various pagings)).
336 |atext|btxt|2rdacontent
337 |acomputer|bc|2rdamedia
338 |aonline resource|bcr|2rdacarrier
4901 |aTelecommission study ; |v8(b)(i)
500 |aIssued also in French under title: Interconnexion des systèmes privés de télécommunications et des réseaux publics des sociétés exploitantes.
500 |aDigitized edition from print [produced by Innovation, Science and Economic Development Canada].
650 0|aTelecommunication|zCanada.
7101 |aCanada. |bDepartment of Communications, |eissuing body.
77508|tInterconnexion des systèmes privés de télécommunications et des réseaux publics des sociétés exploitantes.|w(CaOODSP)9.945325
830#0|aTelecommission study ;|v8(b)(i).|w(CaOODSP)9.927947
85640|qPDF|s2.04 MB|uhttps://publications.gc.ca/collections/collection_2024/isde-ised/co41-1/Co41-1-8BI-eng.pdf